[Event "Titled Tuesday intern op 19th Sep Early"]
[Site "Chess.com INT"]
[Date "2023.09.19"]
[Round "8"]
[White "Demchenko, Anton"]
[Black "Issabayev, Dias"]
[Result "1-0"]
[WhiteElo "2608"]
[BlackElo "2203"]
[PlyCount "153"]
[EventDate "2023.09.19"]
[EventType "swiss (blitz)"]
[EventRounds "11"]
[EventCountry "USA"]
[SourceTitle "EXT 2024"]
[Source "ChessBase"]
[SourceDate "2023.10.10"]
[SourceVersion "1"]
[SourceVersionDate "2023.10.10"]
[SourceQuality "1"]

1. e4 c5 2. Nf3 Nc6 3. Bb5 e6 4. 0-0 Nge7 5. Re1 a6 6. Bf1 d5 7. exd5 Nxd5 8. d4 Nf6 9. Be3 Be7 10. c4 0-0 11. Nc3 cxd4 12. Nxd4 Bd7 13. h3 Qc8 14. Nf3 Na5 15. Qe2 Bb4 16. Rac1 Bc6 17. Bd4 Nd7 18. Red1 Rd8 19. Nd5 exd5 20. cxd5 Nf8 21. dxc6 Nxc6 22. Be3 Qe6 23. a3 Be7 24. Qc2 h6 25. Bc4 Qg6 26. Bd3 Qf6 27. Be4 Rac8 28. Rxd8 Bxd8 29. Qe2 Ne6 30. Bxc6 Rxc6 31. Rxc6 bxc6 32. Qc2 a5 33. a4 c5 34. b3 Be7 35. Nd2 Bd6 36. g3 h5 37. h4 Nd4 38. Qd3 Nf5 39. Nc4 Nxe3 40. Qxe3 g6 41. Nxa5 Be5 42. Kg2 Bd4 43. Qf3 Qa6 44. Nc4 Kg7 45. a5 Qb5 46. Qd3 Qb7+ 47. Qf3 Qb5 48. Kh3 Qa6 49. g4 Qc8 50. Qe4 hxg4+ 51. Qxg4 Qb7 52. Qg2 Qd7+ 53. Kh2 Qc7+ 54. Qg3 Qb7 55. h5 Kh7 56. hxg6+ fxg6 57. Qh3+ Kg7 58. Qg2 Qc7+ 59. Qg3 Qb7 60. Kg1 Kh7 61. Qh3+ Kg7 62. Qg4 Qa6 63. Qf3 Qb5 64. Kg2 Qa6 65. Qe4 Qb5 66. Qe7+ Kh6 67. Nd6 Qc6+ 68. Kg3 Qd5 69. Nf7+ Kg7 70. Ng5+ Kh6 71. f4 Qxb3+ 72. Kg2 Qc2+ 73. Kg3 Qd3+ 74. Nf3 c4 75. Qf8+ Bg7 76. Qe7 c3 77. Qh4# 1-0

[Event "Titled Tuesday intern op 19th Sep Early"]
[Site "Chess.com INT"]
[Date "2023.09.19"]
[Round "10"]
[White "Giang, Tran Nam"]
[Black "Issabayev, Dias"]
[Result "0-1"]
[WhiteElo "2194"]
[BlackElo "2203"]
[PlyCount "98"]
[EventDate "2023.09.19"]
[EventType "swiss (blitz)"]
[EventRounds "11"]
[EventCountry "USA"]
[SourceTitle "EXT 2024"]
[Source "ChessBase"]
[SourceDate "2023.10.10"]
[SourceVersion "1"]
[SourceVersionDate "2023.10.10"]
[SourceQuality "1"]

1. e4 c5 2. Nf3 d6 3. d4 cxd4 4. Nxd4 Nf6 5. Nc3 Bd7 6. Bc4 e6 7. 0-0 Be7 8. Be3 0-0 9. h3 Nc6 10. f4 Rc8 11. Bb3 Na5 12. e5 dxe5 13. fxe5 Ne8 14. Kh1 Nc4 15. Bxc4 Rxc4 16. Qd3 Qc8 17. Rad1 a6 18. Nf5 exf5 19. Qxd7 Bb4 20. Qxc8 Rxc8 21. Nd5 Bc5 22. b4 Bxe3 23. Ne7+ Kh8 24. Nxc8 Nc7 25. Nd6 f4 26. Nxf7+ Kg8 27. Ng5 h6 28. Nf3 Ne6 29. Rd6 Kf7 30. Rd7+ Kg6 31. Rxb7 Rc8 32. Ne1 Kf5 33. g3 g5 34. gxf4 gxf4 35. a4 Ng5 36. Kh2 Ne4 37. b5 axb5 38. axb5 Ng3 39. Rf3 Ke4 40. b6 Rd8 41. Rxg3 fxg3+ 42. Kxg3 Rg8+ 43. Kh4 Bf2+ 44. Kh5 Bxe1 45. Kxh6 Kxe5 46. Re7+ Kf6 47. Rh7 Bd2+ 48. Kh5 Rg5+ 49. Kh6 Rf5# 0-1

[Event "Titled Tuesday intern op 19th Sep Early"]
[Site "Chess.com INT"]
[Date "2023.09.19"]
[Round "4"]
[White "Issabayev, Dias"]
[Black "Rietze, Clemens"]
[Result "1-0"]
[WhiteElo "2203"]
[BlackElo "2329"]
[PlyCount "85"]
[EventDate "2023.09.19"]
[EventType "swiss (blitz)"]
[EventRounds "11"]
[EventCountry "USA"]
[SourceTitle "EXT 2024"]
[Source "ChessBase"]
[SourceDate "2023.10.10"]
[SourceVersion "1"]
[SourceVersionDate "2023.10.10"]
[SourceQuality "1"]

1. e4 c5 2. Nf3 Nc6 3. Nc3 Nf6 4. d4 cxd4 5. Nxd4 d6 6. Bg5 e6 7. Qd2 a6 8. 0-0-0 Bd7 9. Nxc6 Bxc6 10. Bd3 Be7 11. h4 h6 12. Be3 Ng4 13. Bf4 b5 14. f3 Ne5 15. h5 Qb6 16. Kb1 b4 17. Ne2 a5 18. Be3 Qb7 19. Nd4 Bd7 20. g4 a4 21. g5 hxg5 22. Bxg5 Bf8 23. h6 gxh6 24. Bxh6 b3 25. Bxf8 Rxf8 26. cxb3 axb3 27. a3 Qb6 28. Be2 Rc8 29. f4 Nc4 30. Bxc4 Rxc4 31. Rh3 Ba4 32. Rc3 Rxc3 33. Qxc3 Qc5 34. Qd2 Rh8 35. Rc1 Qh5 36. Qb4 Bd7 37. Qxd6 Qh7 38. f5 Qh2 39. Qb4 Qe5 40. Nxb3 exf5 41. exf5 Qxf5+ 42. Ka1 Rh6 43. Nc5 1-0

[Event "Titled Tuesday intern op 12th Sep Early"]
[Site "Chess.com INT"]
[Date "2023.09.12"]
[Round "9"]
[White "Santos Latasa, Jaime"]
[Black "Issabayev, Dias"]
[Result "1-0"]
[WhiteElo "2647"]
[BlackElo "2203"]
[PlyCount "77"]
[EventDate "2023.09.12"]
[EventType "swiss (blitz)"]
[EventRounds "11"]
[EventCountry "USA"]
[SourceTitle "EXT 2024"]
[Source "ChessBase"]
[SourceDate "2023.10.10"]
[SourceVersion "1"]
[SourceVersionDate "2023.10.10"]
[SourceQuality "1"]

1. d4 Nf6 2. Nf3 g6 3. c4 Bg7 4. Nc3 d5 5. Qb3 dxc4 6. Qxc4 0-0 7. e4 Nc6 8. Be2 e5 9. d5 Nd4 10. Nxd4 exd4 11. Qxd4 c6 12. Qc4 b5 13. Qxc6 Bd7 14. Qd6 Re8 15. 0-0 Rc8 16. f3 b4 17. Qxb4 Nh5 18. f4 Qh4 19. Bxh5 Qxh5 20. e5 Qf5 21. Qe4 Qxe4 22. Nxe4 Rc2 23. Rf2 Rec8 24. Be3 Rxf2 25. Bxf2 Rc2 26. Nc5 Bf5 27. b4 g5 28. Rd1 Bg4 29. Re1 gxf4 30. d6 Rxa2 31. h3 Bf5 32. Rd1 Bxe5 33. d7 Bxd7 34. Nxd7 Bc3 35. Bc5 Rb2 36. Bd4 Rb3 37. Nc5 Bxd4+ 38. Rxd4 Rb1+ 39. Kf2 1-0

[Event "Speed Chess Q2 Sw"]
[Site "Chess.com INT"]
[Date "2023.08.23"]
[Round "7"]
[White "Issabayev, Dias"]
[Black "Garcia Correa, Jose Ricardo"]
[Result "1-0"]
[WhiteElo "2203"]
[BlackElo "2103"]
[PlyCount "135"]
[EventDate "2023.08.23"]
[EventType "swiss (blitz)"]
[EventRounds "14"]
[EventCountry "USA"]
[SourceTitle "CBM 215 Extra"]
[Source "ChessBase"]
[SourceDate "2023.09.30"]
[SourceVersion "1"]
[SourceVersionDate "2023.09.30"]
[SourceQuality "1"]

1. e4 e5 2. Nf3 Nc6 3. Bb5 a6 4. Ba4 Nf6 5. 0-0 Be7 6. Re1 b5 7. Bb3 0-0 8. a4 b4 9. d4 d6 10. dxe5 dxe5 11. Nbd2 Na5 12. Ba2 Bd6 13. h3 Bb7 14. c3 bxc3 15. bxc3 Qe7 16. Qc2 Nh5 17. Nf1 h6 18. Ne3 Rfd8 19. Nf5 Qf8 20. Nh2 Nf6 21. Ng4 Nxg4 22. hxg4 Nc6 23. g5 Ne7 24. gxh6 Nxf5 25. exf5 gxh6 26. f6 Kh8 27. Bb1 Qg8 28. f3 Bc5+ 29. Kh1 Rd6 30. Qf5 Bf2 31. Bxh6 e4 32. Bg7+ Qxg7 33. fxg7+ Kxg7 34. Qg5+ Rg6 35. Qe5+ Kg8 36. Bxe4 Rh6+ 37. Qh2 Rxh2+ 38. Kxh2 Bxe1 39. Rxe1 Bxe4 40. Rxe4 Kg7 41. Rc4 Rh8+ 42. Kg3 Rh6 43. Rxc7 Re6 44. c4 Kf6 45. c5 Re5 46. Rc6+ Kf5 47. Rxa6 Rxc5 48. Ra8 f6 49. a5 Rc1 50. a6 Ra1 51. Kf2 Kf4 52. g3+ Kf5 53. a7 Ra3 54. Ke2 Ra2+ 55. Kd3 Ra3+ 56. Kc4 Ra1 57. Kc5 Rc1+ 58. Kd6 Rd1+ 59. Ke7 Re1+ 60. Kf7 Ra1 61. g4+ Kf4 62. Kxf6 Kxf3 63. g5 Kg4 64. g6 Ra6+ 65. Kf7 Kg5 66. g7 Rf6+ 67. Ke7 Rg6 68. g8Q 1-0

[Event "Speed Chess Q2 Sw"]
[Site "Chess.com INT"]
[Date "2023.08.23"]
[Round "10"]
[White "Issabayev, Dias"]
[Black "Ovezdurdiyeva, Jemal"]
[Result "1-0"]
[WhiteElo "2203"]
[BlackElo "2057"]
[PlyCount "87"]
[EventDate "2023.08.23"]
[EventType "swiss (blitz)"]
[EventRounds "14"]
[EventCountry "USA"]
[SourceTitle "CBM 215 Extra"]
[Source "ChessBase"]
[SourceDate "2023.09.30"]
[SourceVersion "1"]
[SourceVersionDate "2023.09.30"]
[SourceQuality "1"]

1. e4 d6 2. d4 Nf6 3. Nc3 g6 4. h3 c6 5. g4 b5 6. Bg2 b4 7. Nce2 Bg7 8. Ng3 Ba6 9. g5 Nfd7 10. h4 e5 11. Be3 exd4 12. Bxd4 Be5 13. Nf3 Qe7 14. Nxe5 dxe5 15. Be3 Nb6 16. b3 N8d7 17. Qg4 c5 18. h5 0-0-0 19. 0-0-0 Kb8 20. hxg6 hxg6 21. Rh6 Rc8 22. Bh3 Rhd8 23. Kb1 c4 24. Ne2 cxb3 25. axb3 Nc5 26. Rxd8 Qxd8 27. Nc1 Qc7 28. Qd1 Rd8 29. Qxd8+ Qxd8 30. Bxc5 Qxg5 31. Rh8+ Kc7 32. Bxb4 Qf6 33. Rh7 Bb7 34. f3 Qxf3 35. Be6 Qxe4 36. Rxf7+ Kb8 37. Nd3 Bc8 38. Bd6+ Ka8 39. Rf8 Qh1+ 40. Kb2 Qc6 41. Bxc8 Nxc8 42. Bxe5 Kb7 43. Rf6 Qe4 44. Nc5+ 1-0

[Event "Speed Chess Q2 Sw"]
[Site "Chess.com INT"]
[Date "2023.08.23"]
[Round "8"]
[White "Issabayev, Dias"]
[Black "Ponkratov, Pavel"]
[Result "0-1"]
[WhiteElo "2203"]
[BlackElo "2582"]
[PlyCount "94"]
[EventDate "2023.08.23"]
[EventType "swiss (blitz)"]
[EventRounds "14"]
[EventCountry "USA"]
[SourceTitle "CBM 215 Extra"]
[Source "ChessBase"]
[SourceDate "2023.09.30"]
[SourceVersion "1"]
[SourceVersionDate "2023.09.30"]
[SourceQuality "1"]

1. e4 e5 2. Nf3 Nc6 3. Bb5 f5 4. d3 d6 5. 0-0 Nf6 6. Nc3 Be7 7. exf5 0-0 8. d4 Nxd4 9. Nxd4 exd4 10. Qxd4 Bxf5 11. Bc4+ Kh8 12. Re1 c6 13. Bf4 d5 14. Bf1 Bxc2 15. Rac1 Bg6 16. b4 Bd6 17. Bxd6 Qxd6 18. h3 a5 19. a3 axb4 20. axb4 h6 21. Qb6 Nd7 22. Qd4 Rf4 23. Qd2 Raf8 24. b5 Rxf2 25. Qxf2 Rxf2 26. Kxf2 Qc5+ 27. Kg3 Nf6 28. Kh2 Qd6+ 29. Kg1 d4 30. Red1 c5 31. b6 Bh5 32. Be2 Bxe2 33. Nxe2 Qxb6 34. Nf4 Qd6 35. Nd3 b6 36. Re1 Kh7 37. Re2 Nd5 38. Rf1 Ne3 39. Rf7 c4 40. Nf4 c3 41. Ra2 c2 42. Nd3 Qg3 43. Rf2 b5 44. Ra7 b4 45. Rb7 Nd5 46. Rff7 Nf4 47. Nc1 Qxg2# 0-1

[Event "Speed Chess Q2 Sw"]
[Site "Chess.com INT"]
[Date "2023.08.23"]
[Round "5"]
[White "Issabayev, Dias"]
[Black "Seder, Mohamad"]
[Result "1-0"]
[WhiteElo "2203"]
[BlackElo "2077"]
[PlyCount "57"]
[EventDate "2023.08.23"]
[EventType "swiss (blitz)"]
[EventRounds "14"]
[EventCountry "USA"]
[SourceTitle "CBM 215 Extra"]
[Source "ChessBase"]
[SourceDate "2023.09.30"]
[SourceVersion "1"]
[SourceVersionDate "2023.09.30"]
[SourceQuality "1"]

1. e4 e5 2. Nf3 Nc6 3. Bb5 Bc5 4. c3 Nf6 5. 0-0 Nxe4 6. d4 exd4 7. cxd4 Bb6 8. d5 Ne7 9. Bd3 Nf6 10. d6 cxd6 11. Bg5 Nfd5 12. Bc4 h6 13. Bh4 Nf4 14. Qxd6 Bc7 15. Qd4 0-0 16. Re1 Ne6 17. Qd2 d5 18. Bd3 Re8 19. Nc3 b6 20. Ne5 Bb7 21. Bb5 Rf8 22. Rad1 a6 23. Bc6 Rb8 24. Bxb7 Bxe5 25. Nxd5 Bd6 26. Bxa6 g5 27. Nf6+ Kg7 28. Qc3 Bb4 29. Ne8+ 1-0

[Event "Titled Tuesday intern op 22nd Aug Early"]
[Site "Chess.com INT"]
[Date "2023.08.22"]
[Round "4"]
[White "Caspi, Israel"]
[Black "Issabayev, Dias"]
[Result "0-1"]
[WhiteElo "2468"]
[BlackElo "2203"]
[PlyCount "98"]
[EventDate "2023.08.22"]
[EventType "swiss (blitz)"]
[EventRounds "11"]
[EventCountry "USA"]
[SourceTitle "EXT 2024"]
[Source "ChessBase"]
[SourceDate "2023.10.10"]
[SourceVersion "1"]
[SourceVersionDate "2023.10.10"]
[SourceQuality "1"]

1. e4 c5 2. d4 cxd4 3. Qxd4 Nc6 4. Qd3 g6 5. Nc3 Bg7 6. Nf3 d6 7. h3 Nf6 8. Be2 0-0 9. 0-0 Nd7 10. Nd5 Nc5 11. Qe3 Be6 12. Rd1 Rc8 13. c3 a5 14. Bb5 a4 15. Nd4 Bd7 16. Nc2 e6 17. Nf4 Qa5 18. Bxc6 Bxc6 19. f3 d5 20. exd5 exd5 21. Nxd5 Rce8 22. Ne7+ Kh8 23. Nxc6 bxc6 24. Qf2 Qb5 25. Nd4 Qc4 26. Be3 Nd3 27. Qe2 Nxb2 28. Qxb2 Rxe3 29. Rac1 c5 30. Nc2 Rxc3 31. Qb1 h5 32. Kh1 Qh4 33. Ne1 Re8 34. Rxc3 Bxc3 35. Nd3 Re2 36. Qc1 Bd4 37. Qh6+ Kg8 38. Rb1 Re8 39. Qd2 c4 40. Nb4 c3 41. Qd3 Re3 42. Qd1 Be5 43. Nc6 Bg3 44. Qc2 Qc4 45. Na5 Qe6 46. Rg1 Bc7 47. Qxa4 Re2 48. Nc6 Qxh3+ 49. gxh3 Rh2# 0-1

[Event "Titled Tuesday intern op 22nd Aug Early"]
[Site "Chess.com INT"]
[Date "2023.08.22"]
[Round "10"]
[White "Issabayev, Dias"]
[Black "Putnam, Liam H"]
[Result "1-0"]
[WhiteElo "2203"]
[BlackElo "2304"]
[PlyCount "71"]
[EventDate "2023.08.22"]
[EventType "swiss (blitz)"]
[EventRounds "11"]
[EventCountry "USA"]
[SourceTitle "EXT 2024"]
[Source "ChessBase"]
[SourceDate "2023.10.10"]
[SourceVersion "1"]
[SourceVersionDate "2023.10.10"]
[SourceQuality "1"]

1. Nf3 f6 2. g3 Kf7 3. e4 e6 4. d4 d5 5. Nc3 dxe4 6. Nxe4 Nc6 7. Be3 Nge7 8. Qd2 Nf5 9. Bc4 Nce7 10. 0-0-0 Nd5 11. g4 Nd6 12. Bd3 Nxe4 13. Bxe4 Bd6 14. c4 Nxe3 15. fxe3 g6 16. h4 Kg7 17. c5 Be7 18. h5 Qe8 19. Qh2 g5 20. h6+ Kf8 21. Qxc7 Qd8 22. Qg3 Bd7 23. Nxg5 fxg5 24. Rhf1+ Bf6 25. Bxb7 Rb8 26. Rxf6+ Qxf6 27. Qxb8+ Kf7 28. Qc7 Rd8 29. c6 Qe7 30. Rf1+ Kg8 31. cxd7 Rxd7 32. Qb8+ Rd8 33. Qe5 Rd7 34. Be4 Rc7+ 35. Kb1 Rc8 36. Bd5 1-0

[Event "Titled Tuesday intern op 22nd Aug Early"]
[Site "Chess.com INT"]
[Date "2023.08.22"]
[Round "1"]
[White "Issabayev, Dias"]
[Black "Wafa, Hamed"]
[Result "1-0"]
[WhiteElo "2203"]
[BlackElo "2178"]
[PlyCount "77"]
[EventDate "2023.08.22"]
[EventType "swiss (blitz)"]
[EventRounds "11"]
[EventCountry "USA"]
[SourceTitle "EXT 2024"]
[Source "ChessBase"]
[SourceDate "2023.10.10"]
[SourceVersion "1"]
[SourceVersionDate "2023.10.10"]
[SourceQuality "1"]

1. Nf3 Nf6 2. g3 d5 3. Bg2 c6 4. c4 Bf5 5. 0-0 e6 6. d4 Be7 7. Nc3 h6 8. Bf4 Nbd7 9. Ne5 0-0 10. Rc1 Bh7 11. Qb3 Qb6 12. c5 Qxb3 13. axb3 Nxe5 14. Bxe5 Nd7 15. Bf4 f6 16. Bd2 e5 17. e3 Rae8 18. b4 a6 19. Rfe1 e4 20. Bh3 f5 21. Bg2 g5 22. Ne2 Rf7 23. Ra1 Nf8 24. Nc3 Ne6 25. b5 axb5 26. Ra7 Bf6 27. Rea1 f4 28. Bh3 fxe3 29. fxe3 Ng7 30. Ra8 Bf5 31. Rxe8+ Nxe8 32. Bxf5 Kg7 33. Ra8 Re7 34. g4 Nc7 35. Rc8 Na6 36. Ne2 Kf7 37. Ng3 Rc7 38. Ra8 Be7 39. Ba5 1-0

[Event "Titled Tuesday intern op 22nd Aug Early"]
[Site "Chess.com INT"]
[Date "2023.08.22"]
[Round "5"]
[White "Issabayev, Dias"]
[Black "Zhu, Jiner"]
[Result "0-1"]
[WhiteElo "2203"]
[BlackElo "2498"]
[PlyCount "30"]
[EventDate "2023.08.22"]
[EventType "swiss (blitz)"]
[EventRounds "11"]
[EventCountry "USA"]
[SourceTitle "EXT 2024"]
[Source "ChessBase"]
[SourceDate "2023.10.10"]
[SourceVersion "1"]
[SourceVersionDate "2023.10.10"]
[SourceQuality "1"]

1. e4 e5 2. f3 Nf6 3. d4 exd4 4. Qxd4 Nc6 5. Qd1 Bc5 6. Nc3 0-0 7. Bg5 h6 8. Bh4 Re8 9. Be2 g5 10. Bg3 d5 11. exd5 Nb4 12. Bf2 Qe7 13. Qd2 Bxf2+ 14. Kxf2 Qc5+ 15. Kg3 Nh5# 0-1

[Event "Titled Tuesday intern op 22nd Aug Early"]
[Site "Chess.com INT"]
[Date "2023.08.22"]
[Round "9"]
[White "Petrosian, Karlen"]
[Black "Issabayev, Dias"]
[Result "0-1"]
[WhiteElo "2348"]
[BlackElo "2203"]
[PlyCount "98"]
[EventDate "2023.08.22"]
[EventType "swiss (blitz)"]
[EventRounds "11"]
[EventCountry "USA"]
[SourceTitle "EXT 2024"]
[Source "ChessBase"]
[SourceDate "2023.10.10"]
[SourceVersion "1"]
[SourceVersionDate "2023.10.10"]
[SourceQuality "1"]

1. e4 c5 2. Be2 Nc6 3. f4 g6 4. Nf3 Bg7 5. 0-0 d5 6. d3 Bg4 7. c3 e6 8. h3 Bxf3 9. Bxf3 Nge7 10. a4 0-0 11. Na3 a6 12. Bd2 Qd7 13. Qc2 Rab8 14. Be3 d4 15. Bf2 b5 16. axb5 axb5 17. Nb1 Rfc8 18. Nd2 dxc3 19. bxc3 b4 20. Nb1 bxc3 21. Nxc3 Nd4 22. Qd2 Nb3 23. Qc2 Nxa1 24. Rxa1 Nc6 25. e5 Nb4 26. Qd1 Qxd3 27. Ne4 c4 28. Nd6 Rc7 29. Qa4 c3 30. Qa5 Rd7 31. Ba7 Rf8 32. Qxb4 Rxa7 33. Rxa7 Qe3+ 34. Kh2 Qxa7 35. Qxc3 Qa4 36. Qd2 Bh6 37. Kg3 Qa3 38. h4 Qc5 39. Kg4 Qxe5 40. fxe5 Bxd2 41. Ne4 Bc1 42. h5 Bb2 43. Kf4 Rd8 44. h6 Bc1+ 45. Kg4 Bxh6 46. Nf6+ Kg7 47. Be4 Rd4 48. Kf3 Bg5 49. Ng4 h5 0-1

[Event "Titled Tuesday intern op 16th Aug Early"]
[Site "Chess.com INT"]
[Date "2022.08.16"]
[Round "3"]
[White "Issabayev, Dias"]
[Black "Bashirli, Saadat"]
[Result "1-0"]
[WhiteElo "2235"]
[BlackElo "1567"]
[PlyCount "26"]
[EventDate "2022.08.16"]
[EventType "swiss (blitz)"]
[EventRounds "11"]
[EventCountry "USA"]
[SourceTitle "EXT 2023"]
[Source "ChessBase"]
[SourceDate "2022.10.05"]
[SourceVersion "1"]
[SourceVersionDate "2022.10.05"]
[SourceQuality "1"]

1. e4 c5 2. Nf3 Nc6 3. Nc3 d6 4. d4 cxd4 5. Nxd4 Nf6 6. f3 Bd7 7. Be3 Qa5 8. Qd2 0-0-0 9. Nb3 Qb4 10. a3 Nxe4 11. fxe4 Qxb3 12. cxb3 Bg4 13. Be2 Bxe2 1-0

[Event "Titled Tuesday intern op 16th Aug Early"]
[Site "Chess.com INT"]
[Date "2022.08.16"]
[Round "1"]
[White "Issabayev, Dias"]
[Black "Bilych, Olexiy"]
[Result "0-1"]
[WhiteElo "2235"]
[BlackElo "2387"]
[PlyCount "76"]
[EventDate "2022.08.16"]
[EventType "swiss (blitz)"]
[EventRounds "11"]
[EventCountry "USA"]
[SourceTitle "EXT 2023"]
[Source "ChessBase"]
[SourceDate "2022.10.05"]
[SourceVersion "1"]
[SourceVersionDate "2022.10.05"]
[SourceQuality "1"]

1. e4 e5 2. Nf3 Nc6 3. Nc3 Nf6 4. Bb5 Nd4 5. Bc4 Bc5 6. d3 c6 7. Nxd4 exd4 8. Ne2 d5 9. exd5 Nxd5 10. 0-0 0-0 11. Nf4 Nxf4 12. Bxf4 Qf6 13. Qf3 g5 14. Bd2 Qxf3 15. gxf3 h6 16. f4 g4 17. Rfe1 Kg7 18. b4 Bd6 19. Re4 Bf5 20. Rxd4 Be7 21. Re1 Rfe8 22. Bb3 Bf6 23. Rd6 Rxe1+ 24. Bxe1 Re8 25. Kf1 Bd8 26. Bc3+ f6 27. Bc4 Be7 28. Rd4 h5 29. a4 h4 30. b5 Bc5 31. bxc6 bxc6 32. a5 h3 33. Bb2 Rb8 34. Bb3 Bxd4 35. Bxd4 Bxd3+ 36. Ke1 Ba6 37. Bxa7 Re8+ 38. Be3 g3 0-1

[Event "Titled Tuesday intern op 14th Jun Early"]
[Site "Chess.com INT"]
[Date "2022.06.14"]
[Round "5"]
[White "Issabayev, Dias"]
[Black "Hartikainen, Jarmo"]
[Result "1-0"]
[WhiteElo "2235"]
[BlackElo "2133"]
[PlyCount "83"]
[EventDate "2022.06.14"]
[EventType "swiss (blitz)"]
[EventRounds "11"]
[EventCountry "USA"]
[SourceTitle "EXT 2023"]
[Source "ChessBase"]
[SourceDate "2022.10.05"]
[SourceVersion "1"]
[SourceVersionDate "2022.10.05"]
[SourceQuality "1"]

1. e4 c5 2. Nf3 Nc6 3. d4 cxd4 4. Nxd4 Nf6 5. Nc3 d6 6. f3 e5 7. Nb3 h6 8. Be3 Be6 9. Nd5 Bxd5 10. exd5 Nb8 11. c4 Nbd7 12. Qd2 Be7 13. Be2 Qc7 14. 0-0 b6 15. Rac1 Nc5 16. Na1 a5 17. b3 Nh7 18. a3 0-0 19. b4 axb4 20. axb4 Rxa1 21. Rxa1 Nb3 22. Qd3 Nxa1 23. Rxa1 Rb8 24. Ra6 Bg5 25. Bf2 Bd8 26. h4 Nf6 27. Qa3 Nd7 28. Ra7 Rb7 29. Ra8 Rb8 30. Bd3 g6 31. h5 Kg7 32. hxg6 fxg6 33. Ra7 Rb7 34. Ra6 Bf6 35. Qa2 e4 36. Bxe4 Be5 37. g3 b5 38. c5 dxc5 39. Rxg6+ Kf8 40. d6 Bxd6 41. Qg8+ Ke7 42. Re6# 1-0

[Event "Titled Tuesday intern op 18th May"]
[Site "Chess.com INT"]
[Date "2021.05.18"]
[Round "6"]
[White "Issabayev, Dias"]
[Black "Arvind, C Jayaraman"]
[Result "0-1"]
[WhiteElo "2235"]
[BlackElo "2124"]
[PlyCount "80"]
[EventDate "2021.05.18"]
[EventType "swiss (blitz)"]
[EventRounds "11"]
[EventCountry "USA"]
[SourceTitle "CBM 202 Extra"]
[Source "ChessBase"]
[SourceDate "2021.07.31"]
[SourceVersion "1"]
[SourceVersionDate "2021.07.31"]
[SourceQuality "1"]

1. d4 Nf6 2. c4 e6 3. Nc3 Bb4 4. Nf3 b6 5. Bg5 h6 6. Bh4 Bb7 7. e3 g5 8. Bg3 Ne4 9. Qc2 f5 10. Bd3 Bxc3+ 11. bxc3 d6 12. d5 Qf6 13. Nd4 exd5 14. cxd5 Bxd5 15. f3 Nxg3 16. hxg3 Nd7 17. Bxf5 0-0-0 18. g4 Kb8 19. a4 a5 20. Rb1 Nc5 21. e4 Bb7 22. Kf2 d5 23. exd5 Rxd5 24. Rbd1 Rhd8 25. Rd2 R8d6 26. Re1 Rd8 27. Re3 Bc8 28. Bxc8 Kxc8 29. Rde2 Rxd4 30. cxd4 Qxd4 31. Kg3 Qxa4 32. Qf5+ Kb8 33. Re7 Qc6 34. Rf7 Qd6+ 35. Kh3 Nd3 36. g3 Nc5 37. Ree7 Qd1 38. Kg2 Qd2+ 39. Kf1 Nd3 40. Re6 Qf2# 0-1

[Event "Titled Tuesday intern op 27th Apr"]
[Site "Chess.com INT"]
[Date "2021.04.27"]
[Round "2"]
[White "Issabayev, Dias"]
[Black "Skuhala, Barbara"]
[Result "1-0"]
[WhiteElo "2235"]
[BlackElo "2077"]
[PlyCount "76"]
[EventDate "2021.04.27"]
[EventType "swiss (blitz)"]
[EventRounds "11"]
[EventCountry "USA"]
[SourceTitle "CBM 202 Extra"]
[Source "ChessBase"]
[SourceDate "2021.07.31"]
[SourceVersion "1"]
[SourceVersionDate "2021.07.31"]
[SourceQuality "1"]

1. d4 d5 2. c4 c6 3. Nf3 Nf6 4. Nc3 e6 5. Bg5 Be7 6. e3 0-0 7. Rc1 Nbd7 8. a3 b6 9. Bd3 Bb7 10. 0-0 Rc8 11. Qe2 c5 12. cxd5 exd5 13. Ba6 Qc7 14. Rfd1 Bxa6 15. Qxa6 Nb8 16. Qa4 Rfd8 17. dxc5 bxc5 18. Bxf6 Bxf6 19. Nxd5 Qd6 20. Qxa7 Qe6 21. Nxf6+ Qxf6 22. Rxd8+ Rxd8 23. b4 cxb4 24. axb4 h6 25. h3 Qb2 26. Rc7 Rf8 27. Qd4 Qb1+ 28. Kh2 Na6 29. Ra7 Nb8 30. Ra1 Qc2 31. b5 Qxf2 32. b6 Qe2 33. Ra8 Qb5 34. Qd6 Nd7 35. Rxf8+ Nxf8 36. Qc7 Nd7 37. b7 Kh7 38. Qxd7 Qxd7 1-0

[Event "Titled Tuesday intern op 20th Apr"]
[Site "Chess.com INT"]
[Date "2021.04.20"]
[Round "7"]
[White "Golubenko, Valentina"]
[Black "Issabayev, Dias"]
[Result "0-1"]
[WhiteElo "2209"]
[BlackElo "2235"]
[PlyCount "62"]
[EventDate "2021.04.20"]
[EventType "swiss (blitz)"]
[EventRounds "11"]
[EventCountry "USA"]
[SourceTitle "CBM 202 Extra"]
[Source "ChessBase"]
[SourceDate "2021.07.31"]
[SourceVersion "1"]
[SourceVersionDate "2021.07.31"]
[SourceQuality "1"]

1. d4 d5 2. g3 c6 3. Bg2 Nf6 4. c4 Bf5 5. Nc3 e6 6. Nf3 Nbd7 7. 0-0 Be7 8. Nd2 0-0 9. e4 dxe4 10. Ndxe4 Nxe4 11. Nxe4 Nf6 12. Nc3 Qa5 13. a3 Rad8 14. b4 Bxb4 15. axb4 Qxa1 16. Qb3 Qa6 17. Na4 b5 18. Nc5 bxc4 19. Qb2 Qb5 20. Bg5 a5 21. Bxf6 gxf6 22. g4 Bg6 23. d5 axb4 24. Ne4 Bxe4 25. Bxe4 cxd5 26. Bb1 d4 27. Qe2 d3 28. Qe4 c3 29. f4 c2 30. Ba2 Qc5+ 31. Kh1 c1Q 0-1

[Event "Titled Tuesday intern op 20th Apr"]
[Site "Chess.com INT"]
[Date "2021.04.20"]
[Round "3"]
[White "Issabayev, Dias"]
[Black "Corrales Jimenez, Fidel"]
[Result "1-0"]
[WhiteElo "2235"]
[BlackElo "2532"]
[PlyCount "119"]
[EventDate "2021.04.20"]
[EventType "swiss (blitz)"]
[EventRounds "11"]
[EventCountry "USA"]
[SourceTitle "CBM 202 Extra"]
[Source "ChessBase"]
[SourceDate "2021.07.31"]
[SourceVersion "1"]
[SourceVersionDate "2021.07.31"]
[SourceQuality "1"]

1. d4 Nf6 2. c4 g6 3. Nc3 d5 4. Nf3 Bg7 5. Bg5 Ne4 6. cxd5 Nxg5 7. Nxg5 e6 8. Qd2 exd5 9. Qe3+ Kf8 10. Qf4 Bf6 11. h4 h6 12. Nf3 c6 13. g4 Be6 14. e3 Nd7 15. Bd3 Qb8 16. Ne2 Qxf4 17. Nxf4 Bxg4 18. Be2 Bf5 19. 0-0-0 a5 20. Bd3 Bxd3 21. Nxd3 Ke7 22. h5 g5 23. Nh2 Bg7 24. f4 Nf6 25. Nf3 Ne4 26. Rdg1 f6 27. Nd2 Nxd2 28. Kxd2 Bf8 29. f5 Kd7 30. Nf2 Be7 31. Kd3 Ke8 32. Re1 Kf7 33. e4 dxe4+ 34. Rxe4 Rad8 35. Rhe1 Rd7 36. Ng4 c5 37. a4 Bd8 38. Kc4 Rc7 39. d5 b6 40. Re6 Rd7 41. d6 b5+ 42. axb5 a4 43. Kxc5 Rb7 44. R1e4 Ra7 45. Kc6 Rf8 46. b6 Ra6 47. Rb4 a3 48. bxa3 Rxa3 49. b7 Rc3+ 50. Kd7 Ba5 51. b8Q Bxb4 52. Nxh6+ Kg7 53. Re7+ Kxh6 54. Qxf8+ Kxh5 55. Qh8+ Kg4 56. Qh1 Rd3 57. Qe4+ Kg3 58. Qxd3+ Kh4 59. Re4+ g4 60. Rxb4 1-0